000 00312nam a22001457a 4500
003 SGT
082 _a616.8, K10P
100 _aPILGRIM, DAVID
245 _aKEY CONCEPTS IN MENTAL HEALTH
250 _a2ND
260 _aLOS ANGELES
_bSAGE
_c2010
300 _a204
650 _aPSYCHIATRY
942 _2ddc
_cBK
_01
999 _c8334
_d8334